Central Library OPAC University of Rajshahi

Prince of librarians: (Record no. 822)

MARC details
000 -LEADER
fixed length control field 00742cam a22002531 4500
001 - CONTROL NUMBER
control field 822
003 - CONTROL NUMBER IDENTIFIER
rucl marc code BD-RjUL
005 - DATE AND TIME OF LATEST TRANSACTION
control field 20211208233232.0
008 - FIXED-LENGTH DATA ELEMENTS--GENERAL INFORMATION
fixed length control field 131123s1967 enkfc b 001 0 eng d
035 ## - SYSTEM CONTROL NUMBER
System control number (BD-RjUL)842
System control number (OCoLC)1817247
040 ## - CATALOGING SOURCE
Original cataloging agency DLC
Transcribing agency FMU
Modifying agency Uk
-- DLC
Language of cataloging eng
041 ## - LANGUAGE CODE
Language code of text/sound track or separate title eng
082 ## - DEWEY DECIMAL CLASSIFICATION NUMBER
Classification number 020.924
Edition number 16
Author mark and year MIP1967
100 1# - MAIN ENTRY--PERSONAL NAME
Personal name Miller, Edward.
9 (RLIN) 2452
245 10 - TITLE STATEMENT
Title Prince of librarians:
Remainder of title the life and times of Antonio Panizzi of the British Museum /
260 ## - PUBLICATION, DISTRIBUTION, ETC. (IMPRINT)
Place of publication, distribution, etc. London,
Name of publisher, distributor, etc. Deutsch,
Date of publication, distribution, etc. 1967
300 ## - PHYSICAL DESCRIPTION
Pagination 356 p.
Illustrations 8 plates (incl. ports.)
Size 22cm.
504 ## - BIBLIOGRAPHY, ETC. NOTE
Bibliography, etc Bibliography: p. [335]-345.
600 10 - SUBJECT ADDED ENTRY--PERSONAL NAME
Personal name Panizzi, Anthony,
Titles and other words associated with a name Sir,
Dates associated with a name 1797-1879.
942 ## - ADDED ENTRY ELEMENTS (KOHA)
Source of classification or shelving scheme Dewey Decimal Classification
Koha item type Books
Holdings
Lost status Source of classification or shelving scheme Damaged status Not for loan Collection code Permanent Location Current Location Shelving location Date acquired Source of acquisition Cost, normal purchase price Total Checkouts Full call number Date last seen Copy number Koha item type
  Dewey Decimal Classification   Not For Loan Non-fiction Central Library, University of Rajshahi Central Library, University of Rajshahi Reading Room 28/12/1970 saeet & zeils 50.00   020.924 MIP1967 23/11/2013 C-1 Books